Trofeos concedidos por la Diputación durante el segundo semestre del año 1951, para competiciones deportivas
Colección:
San Jorge,
; núm. 5 (gener 1952), pàg. 53
Idioma:
Español
MARC
| LEADER | 00000naa a2200000 a 4500 | ||
|---|---|---|---|
| 003 | Arxiu | ||
| 005 | 20260324181026.0 | ||
| 008 | 160829s1952 xx s spa c | ||
| 040 | |a agdb | ||
| 245 | 0 | 0 | |a Trofeos concedidos por la Diputación durante el segundo semestre del año 1951, para competiciones deportivas |
| 490 | |a San Jorge, |v núm. 5 (gener 1952), pàg. 53 | ||
| 610 | 1 | 0 | |a Barcelona (Catalunya : Província). |b Diputació |x Premis |9 54545 |
| 650 | 0 | |a Esports |x Premis |9 54683 | |
| 773 | |g Núm. 5 (gener 1952), pàg. 53 |t San Jorge. | ||
| 901 | |a Arxiu | ||
| 942 | |n 1 |2 udc |c ART | ||
| 952 | |0 0 |1 0 |4 0 |6 REV508 |7 1 |9 64634 |a Arxiu |b Arxiu |d 2022-12-02 |l 0 |o Rev-508 |r 2022-12-02 00:00:00 |w 2022-12-02 |y ARXIU |z També disponible a Rev-521 | ||
| 999 | |c 44046 |d 44046 | ||